000 00455nam a22001937a 4500
003 MPLRDC
005 20220104143906.0
008 210129b ||||| |||| 00| 0 eng d
020 _a983-147-098-2
082 _a859.4 SJTH v.19
100 _a不详
245 _a奇岩城怪盗
_c
250 _a初版
260 _a
_b东阳出版社
_c2000
300 _b
490 _a世界童话选
650 _a儿童故事
942 _cBK
_o859.4 SJTH v.19
999 _c44374
_d44364